|
|
|
|
| LEADER |
00000cam a2200000 a 4500 |
| 001 |
vtls001081331 |
| 003 |
SK-MaSNL |
| 005 |
20260301000853.0 |
| 008 |
241204s1989 xo 001 0 slo |
| 015 |
|
|
|a SNBA1989/06
|
| 020 |
|
|
|c 10,50 Kčs.
|
| 035 |
|
|
|a SNK000024169
|
| 035 |
|
|
|a urn:nbn:sk:snk-amli1d
|
| 035 |
|
|
|a urn:nbn:sk:snk-am00bnak
|
| 035 |
|
|
|a 76922FAE-397B-4605-BC6F-7FD38095C708
|
| 040 |
|
|
|a SNK
|b slo
|c SNK
|e AACR2
|
| 041 |
0 |
|
|a slo
|
| 044 |
|
|
|a xo
|c SK
|
| 080 |
|
|
|a 657+658.1/.2(075.8)
|2 1981
|
| 080 |
|
|
|a 658.1/.2(075.8)
|2 1981
|
| 100 |
1 |
|
|a Liberko, Igor,
|d 1945-
|4 aut
|9 221947
|
| 245 |
1 |
0 |
|a Sústavy ekonomických informácií
|c Igor Liberko
|
| 250 |
|
|
|a 1. vyd.
|
| 260 |
|
|
|a Bratislava
|b Alfa
|a S.l.
|b VŠT v Košiciach [vyd.]
|c 1989
|e Nitra
|f Nitrianske tlačiarne
|
| 300 |
|
|
|a 175 s., 12,81 AH
|b Tb. Sch.
|c 29 cm
|
| 366 |
|
|
|e 300 výtl.
|
| 500 |
|
|
|a Lit. 57. Schválil rektor VŠT v Košiciach ako skriptá. 57 zázn. v slov. a češ.
|
| 650 |
0 |
7 |
|a ekonomické informácie
|2 SNKPH
|9 29336
|
| 650 |
0 |
7 |
|a sústavy
|2 SNKPH
|9 278421
|
| 655 |
|
7 |
|a učebnice vysokých škôl
|2 SNKPH
|9 70191
|
| 655 |
|
7 |
|a Textbooks (higher)
|2 SNKPHeng
|9 276436
|
| 958 |
|
|
|a OND
|
| 958 |
|
|
|a TL
|
| 958 |
|
|
|a UV
|
| 958 |
|
|
|a NB
|
| 958 |
|
|
|a EUIPO
|
| 999 |
|
|
|c 533700
|d 535630
|
| 952 |
|
|
|t P60, <04>, [BOOK], {604}
|a SNK
|b SNK
|y VYP
|7 0
|p 17A0154062
|o snkSB 44964 D1
|0 0
|1 0
|4 0
|d 1998-08-11
|l 0
|r 2004-12-31 00:00:00
|w 2026-02-23
|
| 952 |
|
|
|a SNK
|b SNK
|y PREZ
|7 0
|p 17A0852095
|o snkSB 44964
|0 0
|1 0
|4 0
|d 2012-07-09
|f 1
|l 0
|r 2026-02-23 12:15:59
|w 2026-02-23
|